00509nam a2200157Ia 4500008004100000020001000041040001900051041001200070082002800082100001500110245013300125260003900258300002500297650001900322850001000341131103s9999 xx 000 0 und d cRs.15 aLoreto College aEnglish a954.03/CARbLCLIB/15621 aCarey,W.H. 4aThe good old days of honorables John Companyb being curious reminiscenses during the rule of the East India Company cW.H.Carey aCalcuttabQuins Book Companyc1982 axiv,287 p. c 21 cm. aModern History aLCLIB